Mutató

Elmentve itt :
Bibliográfiai részletek
További közreműködők: Zvara Edina
Dokumentumtípus: Könyv része
Megjelent: 1994
Sorozat:Lymbus Művelődéstörténeti Tár 5
Online Access:http://misc.bibl.u-szeged.hu/39123
LEADER 00502naa a2200169 i 4500
001 misc39123
005 20200430141504.0
008 180511s1994 hu o 0|| hun d
022 |a 0865-0632 
040 |a SZTE Miscellanea Repozitórium  |b hun 
041 |a hun 
245 0 0 |a Mutató  |h [elektronikus dokumentum] 
260 |c 1994 
300 |a 187-203 
490 0 |a Lymbus Művelődéstörténeti Tár  |v 5 
700 0 1 |a Zvara Edina 
856 4 0 |u http://misc.bibl.u-szeged.hu/39123/1/lym_005_187-203.pdf  |z Dokumentum-elérés